000 00390nam a22001457a 4500
999 _c9519
_d9519
003 OSt
005 20210630133851.0
008 210630b ||||| |||| 00| 0 eng d
020 _a9781933492964
082 _a741.2
_bROB
100 _a Robertson, Scott,
_d1966-
245 _aHow to render : the fundamentals of light, shadow and reflectivity
260 _bdesign studio
_c2014
942 _2ddc